| 000 | 00708nam a2200193 i 4500 | ||
|---|---|---|---|
| 001 | 27728 | ||
| 003 | ES-MaACL | ||
| 005 | 20250913153945.0 | ||
| 007 | t| | ||
| 008 | 030115s1971 sp ||||1| spa d | ||
| 100 | 1 |
_aAuguste, Pierre. _923895 |
|
| 245 | 1 | 0 |
_aRealice usted mismo el aislamiento contra el frío, el calor, la humedad y el ruido / _cPierre Auguste ; con la colaboración de Roger Allemand ; traducción de Felipe Ximénez de Sandoval. |
| 260 |
_aMadrid : _bEspasa Calpe, _c1971. |
||
| 300 |
_a63 p. : _bil. ; _c18 cm. |
||
| 700 | 1 |
_aAllemand, Roger. _919975 |
|
| 700 | 1 |
_aXiménez de Sandoval, Felipe, _d1903-1978 _9117510 |
|
| 852 |
_aES-MaACL _jC-46499 _bR.81694 |
||
| 999 |
_c27728 _d27728 |
||